| 000 | 00493nam a2200205Ia 4500 | ||
|---|---|---|---|
| 005 | 20250425160853.0 | ||
| 008 | 250425s9999 xx 000 0 und d | ||
| 020 | _a8434536706 | ||
| 041 | _aeng | ||
| 082 | _a423 | ||
| 100 | _aPEERS, EDGAR ALLISON | ||
| 245 | 0 | _aCASSELL INGLES-ESPAÑOL; ENGLISH-SPANISH | |
| 250 | _a1A ED. | ||
| 260 | _aLONDON | ||
| 260 |
_aReino Unido _bCASSELL _c1976 |
||
| 300 | _a352 | ||
| 650 | _aDICCIONARIO INGLES ESPAÑOL | ||
| 942 | _c01 | ||
| 010 | _a7268 | ||
| 999 |
_c197865 _d197865 |
||